000 00556nam a22002177a 4500
003 UA-OsUOA
001 52149
007 ta
008 20080130b un ||||| |||| 00| 0 ukr d
100 _aСкрипченко С.
090 _a330
_bС-45
942 _cSA
040 _aUA-OsUOA
_bukr
_cUA-OsUOA
_dUA-OsUOA
245 _a"Для того й існує палата, щоб допомагати"
300 _aС.6
955 _a0
041 _aukr
080 _a330
773 0 _w52147
650 7 _a330 Економіка взагалі
_2UDC
999 _c338250
_d338250